Dávky úrazového poistenia
Úrazové poistenie je v rámci sociálneho poistenia konštituované ako povinné poistenie zamestnávateľa, ktoré ho má ochraňovať pred rizikom ekonomickej záťaže pre prípad jeho zodpovednosti za škodu vzniknutú jeho zamestnancom v dôsledku pracovného úrazu alebo choroby z povolania, ktorá mu vyplýva z pr...
Enregistré dans:
| Auteur principal: | |
|---|---|
| Format: | Chapitre de livre |
| Langue: | slovaque |
| Sujets: | |
| Tags: |
Pas de tags, Soyez le premier à ajouter un tag!
|
MARC
| LEADER | 00000nla a2200000 4500 | ||
|---|---|---|---|
| 001 | 0155178 | ||
| 005 | 20220729105126.7 | ||
| 041 | 0 | |a slo | |
| 044 | |a SK | ||
| 245 | 1 | 0 | |a Dávky úrazového poistenia |c Renáta Sabolčáková |
| 520 | |a Úrazové poistenie je v rámci sociálneho poistenia konštituované ako povinné poistenie zamestnávateľa, ktoré ho má ochraňovať pred rizikom ekonomickej záťaže pre prípad jeho zodpovednosti za škodu vzniknutú jeho zamestnancom v dôsledku pracovného úrazu alebo choroby z povolania, ktorá mu vyplýva z pracovnoprávnych predpisov (§ 195 Zákonníka práce). Úrazové poistenie súčasne rieši garanciu odškodnenia pracovných úrazov a chorôb z povolania v súlade s Dohovorom Medzinárodnej organizácie práce č. 102 o minimálnej norme sociálneho zabezpečenia a Dohovorom Medzinárodnej organizácie práce č. 121 o dávkach pri pracovných úrazoch. | ||
| 610 | 2 | 0 | |a poistenie sociálne |
| 610 | 2 | 0 | |a poistenie úrazové |
| 610 | 2 | 0 | |a úrazy pracovné |
| 610 | 2 | 0 | |a choroby z povolania |
| 610 | 2 | 0 | |a plnenie poistné |
| 610 | 2 | 0 | |a dávky poistné |
| 100 | 1 | |a Sabolčáková, Renáta | |